000 00238nam a22000977a 4500
999 _c519974
_d519974
082 _aTNC A6x5444 D28
100 _aDeshpandy, Anirudh
_931367
245 _aThe stigma of defeat
260 _aNew Delhi
_bNehru Memorial Museum
300 _a44p.